| 000 | 01078nam a22002897a 4500 | ||
|---|---|---|---|
| 001 | 2540509 | ||
| 003 | OSt | ||
| 005 | 20210426121631.0 | ||
| 008 | 940223s1994 maua b 001 0 eng | ||
| 010 | _a 94008591 | ||
| 020 | _a0674399609 | ||
| 040 |
_aDLC _cDLC _dDLC _beng |
||
| 041 | _aeng | ||
| 050 | 0 | 0 |
_aD421 _b.G65 1994 |
| 080 |
_a94 _bG-80 |
||
| 082 | 0 | 0 |
_a909.82 _220 |
| 100 | 1 |
_aGrenville, J. A. S. _q(John Ashley Soames), _d1928-2011. |
|
| 245 | 1 | 2 |
_aA history of the world in the twentieth century / _cJ.A.S. Grenville. _b/ by: Belknap Press of Harvard University Press |
| 260 |
_aCambridge, Mass. _bBelknap Press of Harvard University Press _c1994. |
||
| 300 |
_axviii, 973 p. _bill. _c27 cm. |
||
| 504 | _aIncludes bibliographical references (p. [933]-950) and index. | ||
| 650 | 0 |
_aHistory, Modern _y20th century. |
|
| 653 | _aისტორია | ||
| 906 |
_a7 _bcbc _corignew _d1 _eocip _f19 _gy-gencatlg |
||
| 942 |
_2udc _cBK |
||
| 999 |
_c1149 _d1149 |
||